000 00468nam a2200181Ia 4500
008 170203s9999 xx 000 0 und d
020 _a8178621827
050 _aFic
050 _bH791p
100 _aHope, Anthony.
245 4 _aThe prisoner of Zenda /
245 _cAnthony Hope.
260 _bSterling Publishers Pvt.Ltd
650 _aBritish -- Foreign countries --
650 _aImpostors and imposture --
650 _xFiction.
650 _xFiction.
999 _c306671
_d306671